INDIAN FINANCIAL SYSTEM (Record no. 9502)

MARC details
000 -LEADER
fixed length control field 00426nam a22001577a 4500
003 - CONTROL NUMBER IDENTIFIER
control field SGT
020 ## - INTERNATIONAL STANDARD BOOK NUMBER
International Standard Book Number 9788182092280
082 ## - DEWEY DECIMAL CLASSIFICATION NUMBER
Classification number 332.10954,GUR
100 ## - MAIN ENTRY--PERSONAL NAME
Personal name DR S GURUSAMY
245 ## - TITLE STATEMENT
Title INDIAN FINANCIAL SYSTEM
260 ## - PUBLICATION, DISTRIBUTION, ETC. (IMPRINT)
Place of publication, distribution, etc NEW DELHI
Name of publisher, distributor, etc MC GRAW HILL
Year of Publication 2008
300 ## - PAGE DESCRIPTION
No. of Pages 624
650 ## - SUBJECT ADDED ENTRY--TOPICAL TERM
Topical term or geographic name as entry element FINANCIAL ECONOMICS
653 ## - KEYWORDS--INDEX TERM
Keyword term FINANCIAL SYSTEM - AN OVERVIEW, INDIAN FINANCIAL SYSTEM GLOBAL FINANCIAL SYSTEM
942 ## - ADDED ENTRY ELEMENTS (KOHA)
Source of classification or shelving scheme Dewey Decimal Classification
Koha item type FCM Books
Holdings
Withdrawn status Lost status Source of classification or shelving scheme Damaged status Not for loan Collection code Home library Current library Shelving location Date acquired Vendor Name SGTU Full call number Accession No. (Barcode) Date last seen Bill Date Koha item type
    Dewey Decimal Classification   Not For Loan COMMERCE MANAGEMENT SGT Science & Social Sciences Library SGT Science & Social Sciences Library Reference Book 06/07/2016 GIFT SGTU 332.10954,GUR CM295 06/07/2016 06/07/2016 FCM Books